Making Healthy Places : Designing and Building for Health, Well-being, and Sustainability /
Saved in:
| Format: | Book |
|---|---|
| Language: | English |
| Published: |
Washington :
Island Press,
2011
|
| Tags: |
No Tags, Be the first to tag this record!
|
MARC
| LEADER | 00000nam a22000003a 4500 | ||
|---|---|---|---|
| 001 | stu258275 | ||
| 005 | 20141123164632.7 | ||
| 008 | 121129s2011------------------------eng-d | ||
| 020 | |a 978-1-59726-727-4 | ||
| 040 | |a STU |b slo | ||
| 041 | 0 | |a eng | |
| 245 | |a Making Healthy Places : |b Designing and Building for Health, Well-being, and Sustainability / |c ed by Dannenberg,A.L. | ||
| 260 | |a Washington : |b Island Press, |c 2011 | ||
| 300 | |a 417 s | ||
| 996 | |b 284AU05438 |c A*8185 |l AA5150 |s P |a 0 |w stu258275_0001 | ||